<?xml version="1.0" encoding="UTF-8"?>
<record
    xmlns:xsi="http://www.w3.org/2001/XMLSchema-instance"
    xsi:schemaLocation="http://www.loc.gov/MARC21/slim http://www.loc.gov/standards/marcxml/schema/MARC21slim.xsd"
    xmlns="http://www.loc.gov/MARC21/slim">

  <leader>00527nam a2200205Ia 4500</leader>
  <controlfield tag="008">230125s9999    xx            000 0 und d</controlfield>
  <datafield tag="020" ind1=" " ind2=" ">
    <subfield code="a">978-81-265-7306-6</subfield>
  </datafield>
  <datafield tag="041" ind1=" " ind2=" ">
    <subfield code="a">eng</subfield>
  </datafield>
  <datafield tag="082" ind1=" " ind2=" ">
    <subfield code="a">658</subfield>
    <subfield code="b">LUC</subfield>
  </datafield>
  <datafield tag="100" ind1=" " ind2=" ">
    <subfield code="a">Luchs M</subfield>
    <subfield code="9">117369</subfield>
  </datafield>
  <datafield tag="245" ind1=" " ind2=" ">
    <subfield code="a">Design Thinking</subfield>
  </datafield>
  <datafield tag="260" ind1=" " ind2=" ">
    <subfield code="c">2018</subfield>
    <subfield code="b">Wiley Publication</subfield>
    <subfield code="a">New Delhi</subfield>
  </datafield>
  <datafield tag="300" ind1=" " ind2=" ">
    <subfield code="a">431p</subfield>
  </datafield>
  <datafield tag="440" ind1=" " ind2=" ">
    <subfield code="v">5</subfield>
  </datafield>
  <datafield tag="500" ind1=" " ind2=" ">
    <subfield code="a">Design Thinking;General Management;</subfield>
  </datafield>
  <datafield tag="650" ind1=" " ind2=" ">
    <subfield code="a">Management</subfield>
  </datafield>
  <datafield tag="700" ind1=" " ind2=" ">
    <subfield code="a">Luchs M; Swan S K &amp; Griffin A</subfield>
    <subfield code="9">117370</subfield>
  </datafield>
  <datafield tag="906" ind1=" " ind2=" ">
    <subfield code="b">27</subfield>
  </datafield>
  <datafield tag="999" ind1=" " ind2=" ">
    <subfield code="c">95146</subfield>
    <subfield code="d">95146</subfield>
  </datafield>
  <datafield tag="952" ind1=" " ind2=" ">
    <subfield code="0">0</subfield>
    <subfield code="1">0</subfield>
    <subfield code="4">0</subfield>
    <subfield code="7">0</subfield>
    <subfield code="a">HIMR</subfield>
    <subfield code="b">HIMR</subfield>
    <subfield code="d">2019-01-13</subfield>
    <subfield code="e">Pritam Book Centre</subfield>
    <subfield code="g">999.00</subfield>
    <subfield code="i">10744</subfield>
    <subfield code="l">0</subfield>
    <subfield code="o">658 LUC B17786</subfield>
    <subfield code="p">HIMR-BK-17786</subfield>
    <subfield code="r">2023-01-25 00:00:00</subfield>
    <subfield code="v">972.00</subfield>
    <subfield code="w">2019-01-10</subfield>
    <subfield code="y">BK</subfield>
    <subfield code="z">B17786</subfield>
  </datafield>
  <datafield tag="952" ind1=" " ind2=" ">
    <subfield code="0">0</subfield>
    <subfield code="1">0</subfield>
    <subfield code="4">0</subfield>
    <subfield code="7">0</subfield>
    <subfield code="a">HIMR</subfield>
    <subfield code="b">HIMR</subfield>
    <subfield code="d">2019-01-13</subfield>
    <subfield code="e">Pritam Book Centre</subfield>
    <subfield code="g">999.00</subfield>
    <subfield code="i">10744</subfield>
    <subfield code="l">0</subfield>
    <subfield code="o">658 LUC B17787</subfield>
    <subfield code="p">HIMR-BK-17787</subfield>
    <subfield code="r">2023-01-25 00:00:00</subfield>
    <subfield code="v">972.00</subfield>
    <subfield code="w">2019-01-10</subfield>
    <subfield code="y">BK</subfield>
    <subfield code="z">B17787</subfield>
  </datafield>
  <datafield tag="952" ind1=" " ind2=" ">
    <subfield code="0">0</subfield>
    <subfield code="1">0</subfield>
    <subfield code="4">0</subfield>
    <subfield code="7">0</subfield>
    <subfield code="a">HIMR</subfield>
    <subfield code="b">HIMR</subfield>
    <subfield code="d">2019-01-13</subfield>
    <subfield code="e">Pritam Book Centre</subfield>
    <subfield code="g">999.00</subfield>
    <subfield code="i">10744</subfield>
    <subfield code="l">0</subfield>
    <subfield code="o">658 LUC B17788</subfield>
    <subfield code="p">HIMR-BK-17788</subfield>
    <subfield code="r">2023-01-25 00:00:00</subfield>
    <subfield code="v">972.00</subfield>
    <subfield code="w">2019-01-10</subfield>
    <subfield code="y">BK</subfield>
    <subfield code="z">B17788</subfield>
  </datafield>
  <datafield tag="952" ind1=" " ind2=" ">
    <subfield code="0">0</subfield>
    <subfield code="1">0</subfield>
    <subfield code="4">0</subfield>
    <subfield code="7">0</subfield>
    <subfield code="a">HIMR</subfield>
    <subfield code="b">HIMR</subfield>
    <subfield code="d">2019-01-13</subfield>
    <subfield code="e">Pritam Book Centre</subfield>
    <subfield code="g">999.00</subfield>
    <subfield code="i">10744</subfield>
    <subfield code="l">0</subfield>
    <subfield code="o">658 LUC B17789</subfield>
    <subfield code="p">HIMR-BK-17789</subfield>
    <subfield code="r">2023-01-25 00:00:00</subfield>
    <subfield code="v">972.00</subfield>
    <subfield code="w">2019-01-10</subfield>
    <subfield code="y">BK</subfield>
    <subfield code="z">B17789</subfield>
  </datafield>
  <datafield tag="952" ind1=" " ind2=" ">
    <subfield code="0">0</subfield>
    <subfield code="1">0</subfield>
    <subfield code="4">0</subfield>
    <subfield code="7">0</subfield>
    <subfield code="a">HIMR</subfield>
    <subfield code="b">HIMR</subfield>
    <subfield code="d">2019-01-13</subfield>
    <subfield code="e">Pritam Book Centre</subfield>
    <subfield code="g">999.00</subfield>
    <subfield code="i">10744</subfield>
    <subfield code="l">1</subfield>
    <subfield code="o">658 LUC B17790</subfield>
    <subfield code="p">HIMR-BK-17790</subfield>
    <subfield code="q">2026-07-07</subfield>
    <subfield code="r">2026-01-08 12:25:28</subfield>
    <subfield code="s">2026-01-08</subfield>
    <subfield code="v">972.00</subfield>
    <subfield code="w">2019-01-10</subfield>
    <subfield code="y">BK</subfield>
    <subfield code="z">B17790</subfield>
  </datafield>
</record>
